[Event "Basel Hilton op 12th"]
[Site "Basel"]
[Date "2010.01.04"]
[Round "6"]
[White "Pelletier, Yannick"]
[Black "Mirzoev, Azer"]
[Result "1-0"]
[WhiteElo "2602"]
[BlackElo "2594"]
[Annotator "Pelletier,Y"]
[PlyCount "83"]
[EventDate "2010.01.01"]
[EventType "swiss"]
[EventRounds "7"]
[EventCountry "SUI"]
[SourceTitle "CBM 134 Extra"]
[Source "ChessBase"]
[SourceDate "2010.03.03"]
[SourceVersion "1"]
[SourceVersionDate "2010.03.03"]
[SourceQuality "1"]

1. d4 d5 2. c4 e6 3. Nf3 Nf6 4. Nc3 Be7 5. Bf4 O-O 6. a3 {Dieser Zug ist gegen
die Variante 6.e3 Nbd7 gerichtet, erlaubt aber andere vernünftige
Möglichkeiten.} dxc4 (6... Nbd7 $6 7. Nb5 {und dank a3 verfügt Schwarz nicht
über das Schach auf b4.}) (6... b6 {ist aber auch ganz gut.}) ({während} 6...
c5 7. dxc5 Bxc5 8. e3 {zur alten Hauptvariante übergeht.}) 7. e3 a6 8. Bxc4 b5
9. Bd3 Bb7 10. b4 ({Will Weiß c5 mittels b4 verhindern, bekommt Schwarz
Gegenspiel dank a5. Nach dem besseren} 10. Qc2 Nbd7 11. Rd1 {hat Schwarz noch
einige Schwierigkeiten zu überwinden.}) 10... c6 $6 ({Mein Gegner führte
diesen logischen Zug fast sofort aus. Aber mich störte vor allem} 10... a5 $1
11. bxa5 (11. Rb1 $6 axb4 12. axb4 Na6 $15) (11. Nxb5 Nd5 $5) 11... c6 12. O-O
Qxa5 13. Qc2 Nbd7 {mit gutem Spiel.}) 11. Bxb8 $5 ({Nach} 11. O-O a5 {[%cal
Gb8a6] will Schwarz Na6 spielen, und im Fall von} 12. Bxb8 {gibt es den
Zwischenzug} axb4 13. axb4 Rxa1 14. Qxa1 Qxb8 {[%cal Gf6d5,Gb8d6] Schwarz
steht befriedigend.}) (11. Ne4 Nxe4 12. Bxe4 Nd7 {[%cal Gd7f6,Gf6d5,Ga6a5]})
11... Qxb8 12. O-O (12. Ne4 {ist zu langsam:} Nxe4 13. Bxe4 a5 14. Rb1 axb4 15.
axb4 Ra4 16. Qd2 Qd6) 12... a5 13. Rb1 axb4 14. axb4 Bd6 ({Schwarz konnte
mittels} 14... Nd5 15. Nxd5 exd5 {ausgleichen, da der weiße Springer nicht
rechtzeitig nach c5 kommt.}) 15. Qc2 h6 16. Rfc1 Rc8 ({Ich hielt die
Überführung der Dame nach e7 für besser, aber Weiß behält etwas Vorteil nach} 
16... Qd8 17. Ne4 Nxe4 18. Bxe4 Qe7 19. Ne5 Rfc8 20. Qd2 Ra4 21. Nd3 $14) 17.
Ne4 Nxe4 18. Bxe4 e5 $6 (18... Qc7 {Nach diesem aktiven Zug kann Weiß einen
klaren Plan fassen. Richtig war} 19. h3 Ra4 $132) 19. dxe5 Bxe5 20. Qc5 Bf6 $2
({Die schwarze Königsstellung ist verteidigungsfähig nach} 20... Bd6 21. Qf5 (
21. Qh5 $5) 21... g6 22. Qf6 (22. Qh3 Kg7 23. Nd4 c5 $1 $13) 22... Bf8 (22...
Qc7 23. Bxg6 (23. Bd5 $5) 23... fxg6 24. Qxg6+ Kh8 25. Qxh6+ Kg8 26. Qg6+ Kh8
27. Rd1 $18) 23. Ne5 Rc7 $13 {Nach dem Textzug geht es hingegen abwärts.}) 21.
Qf5 Kf8 22. h3 $5 ({In den meisten konkreten Varianten braucht Weiß ein
Luftloch. Gut war aber auch} 22. Qh7 Qc7 23. Nd4 $16) 22... Qc7 (22... Ra2 23.
Qh7 Qc7 (23... Ke7 24. Bd3 $40) 24. Nd4 $40) 23. Nd4 Bxd4 $6 {Eine
zweifelhafte Entscheidung, da der Läufer eine wichtige Abwehrfigur ist.} 24.
exd4 Qd6 25. Qh7 Qf6 26. Rb3 $1 ({Der Turm wird ins Spiel gebracht. Wenig
überzeugend ist} 26. Bf5 $6 Rd8 $13) ({aber} 26. Re1 g5 27. Bc2 $5 {war auch
vorteilhaft:} Rd8 28. Bb3 Bc8 29. Bxf7 (29. Rbc1 Bf5 30. Rxc6 Bxh7 31. Rxf6 Bg6
32. d5 $14) 29... Qg7 30. Qxg7+ Kxg7 31. Bh5 $36) 26... Ke7 $6 ({Nach} 26... g5
{kommt jetzt} 27. Rf3 Qg7 28. Qf5 Kg8 29. h4 Rd8 30. hxg5 hxg5 31. Qc5 $18 {
Aber der Königsausflug erweist sich als hoffnungslos.}) 27. Bb1 $5 Rh8 28. Re3+
Kd7 29. Qc2 Rhe8 30. Rf3 Qe7 31. d5 Ra6 32. Qd2 (32. Re3 Qg5 (32... Qd6 $2 33.
Qf5+ Kd8 34. Rxe8+ Kxe8 35. Re1+ Kd8 (35... Kf8 36. Qh7 $18) 36. Qxf7 $18) 33.
h4 Qf6 34. Qd3 $18) 32... cxd5 33. Qf4 $2 $138 ({In Zeitnot übersah ich den
leichten Gewinn} 33. Bf5+ Kd8 (33... Kd6 34. Qd4 $18) 34. Qxd5+ $1 Rd6 35. Qxb5
$18) 33... Rd6 (33... Qe5 34. Qg4+ $1 Rae6 35. Bf5 $18) ({Hartnäckiger war aber
} 33... Qd6 34. Qxf7+ Re7 35. Bf5+ Kd8 36. Qf8+ Re8 37. Qxg7 $18) 34. Bd3 Bc6
35. Qd4 (35. Bf5+ Kc7 (35... Kd8 36. Rxc6 $1 $18) 36. Re3 Qd8 37. Qd4 $18)
35... Kd8 36. Qxg7 {Es führen mehrere Wege nach Rom.} (36. Re3 Qb7 37. Qxg7 $18
) 36... f6 (36... Qg5 37. Qa1 $1 $18) 37. Qxh6 d4 38. Rg3 Re6 39. Kh2 ({
Ich hatte das richtige Gefühl, dass} 39. Rxc6 {gewinnen sollte, war mir aber
wegen Zeitnot nicht sicher. Man sehe} Rxc6 40. Bxb5 Re6 (40... Qe1+ 41. Kh2 Rc1
42. Qxf6+ $18) 41. Bxe8 Qxe8 42. Ra3 $18) 39... Qxb4 40. Bf5 Rd6 $2 41. Rg7
Ree6 42. Rxc6 1-0

[Event "FRA-chT Top 12"]
[Site "Mulhouse"]
[Date "2011.05.30"]
[Round "5"]
[White "Avrukh, Boris"]
[Black "Pelletier, Yannick"]
[Result "1/2-1/2"]
[WhiteElo "2603"]
[BlackElo "2587"]
[Annotator "Pelletier,Y"]
[PlyCount "54"]
[EventDate "2011.05.26"]
[EventType "team-tourn"]
[EventRounds "11"]
[EventCountry "FRA"]
[SourceTitle "CBM 142 Extra"]
[Source "ChessBase"]
[SourceDate "2011.06.27"]
[SourceVersion "1"]
[SourceVersionDate "2011.06.27"]
[SourceQuality "1"]
[WhiteTeam "Lutece"]
[BlackTeam "Clichy Echecs 92"]
[WhiteTeamCountry "FRA"]
[BlackTeamCountry "FRA"]

1. d4 Nf6 2. c4 e6 3. Nf3 d5 4. Nc3 Be7 5. Bf4 O-O 6. a3 b6 {Wenige Züge
wurden gespielt, und schon haben wir uns gegenseitig überrascht!} 7. cxd5 Nxd5
8. Nxd5 Qxd5 ({Der Hauptzug ist hier} 8... exd5 {, aber das Bauernopfer schien
mir interessant zu sein. Das Stellungstyp ist einer populären Variante der
Nimzoindischen Verteidigung sehr ähnlich: 4.Qc2 0-0 5.a3 Bxc3 6.Qxc3 d5.}) 9.
Bxc7 Ba6 (9... Nc6 {wurde in einer früheren GM Partie versucht, aber Weiß
sollte nach} 10. e3 Bb7 11. Bd3 $5 $146 {besser stehen.}) 10. Bxb8 $5 {
Vermutlich der beste Versuch, auch wenn Schwarz genug Gegenspiel haben sollte.}
({Hier sind einige vernünftige Alternativen:} 10. e3 Bxf1 11. Rxf1 Nd7 $5 ({
logischer sieht} 11... Nc6 12. Qd3 Rac8 13. Bg3 Na5 $44 {aus, aber die
Entwicklung nach d7 ist ebenfalls stark)}) 12. Rc1 Rfc8 13. Rc2 Qa5+ 14. Ke2
Nc5 15. dxc5 Rxc7 16. cxb6 Qa6+ 17. Ke1 Rxc2 18. Qxc2 Rc8 $44) (10. Bg3 Nc6 11.
e3 Qa5+ ({oder} 11... Bxf1 12. Kxf1 Rac8 13. h3 Na5 $44) 12. Nd2 Bxf1 13. Rxf1
Rac8 14. b4 Qb5 15. Qe2 Qa4 16. Qd1 Qb5 $11) 10... Raxb8 11. e3 Bxf1 ({
Vorzuziehen ist wohl das weniger natürliche} 11... Rbc8 12. Bxa6 Qa5+ {wonach
Schwarz ausgleichen sollte. Man sehe} 13. Qd2 (13. Nd2 Qxa6 14. Qe2 Qa5 15. O-O
Rc2 16. b4 Qf5 $44) 13... Qxa6 14. Rd1 Qa4 15. Qd3 Rc2 16. b3 Qa5+ 17. b4 Qa4
18. O-O Rfc8 $44) 12. Kxf1 Qb5+ ({Im Falle von} 12... Rbc8 13. Qd3 {kann Weiß
seine Figuren koordinieren:} Rc7 14. Ke2 Rfc8 15. Rhd1 $14) 13. Qe2 Qb3 14. h4
({Der Computer gibt hier} 14. g3 $1 {als besser an. Aber für einen Menschen
ist es schwer zu ahnen, dass Weiß nach} Rbc8 15. Ne1 $1 {in der Tat besser
stehen soll!}) 14... Rbc8 15. Ne1 e5 $6 {Ein optimistischer Zug, der auch
nicht unlogisch ist. Schwarz öffnet mehr Linien, um zu versuchen, die wenig
harmonierenden weißen Figuren auszunützen.} ({Vorzuziehen war aber} 15... Rfd8
16. Rh3 h6 $13 {wonach sich Weiß ebenfalls schwer tut, um seine Kräfte zu
koordinieren.}) 16. dxe5 ({Auf} 16. Rh3 {sind beide Reaktionen gut:} exd4 ({
und auch} 16... e4 $5 {, damit der Rh3 außer Spiel bleibt}) 17. e4 (17. exd4
Qc4 $11) 17... Qe6 18. Nd3 Rfe8 $13) 16... f6 17. e6 $6 ({Hier hätte Weiß in
Vorteil kommen können. Aber der Bauer e5 dürfte sich in dieser Hinsicht nicht
bewegen. Nach} 17. exf6 $6 Bxf6 18. Rh3 Rfd8 {besitzt Schwarz sichtlich tolle
Kompensation.}) ({Richtig war aber} 17. Rh3 $1 fxe5 18. e4 {Somit spielt der
Rh3 nun eine aktive Rolle:} Qa4 (18... Qe6 19. Rd1 Rc4 20. h5 $14) 19. h5 Rf4
20. b4 Qc6 21. Re3 $14) 17... Rfd8 18. Rh3 Qxe6 {Schwarz wird nun f5 und Be6
folgen lassen, und genug Spiel für den Bauern erhalten.} 19. Rf3 (19. Nf3 f5
20. Nd4 Qe4 $44 {[%cal Ge7f6]}) 19... f5 20. Rf4 Bf6 21. Nf3 g6 22. g3 ({
Die Fortsetzung} 22. Rd1 Rxd1+ 23. Qxd1 Bxb2 24. Ng5 {führt nur zum Ausgleich:}
Qa2 25. Qd7 Qb1+ 26. Ke2 Qc2+ $11) 22... a5 {Das Feld b4 muss unter Kontrolle
gehalten werden, um den nächsten Zug vorzubereiten.} (22... Qb3 $2 23. Rb4) 23.
Rd1 Qb3 24. Nd4 (24. Rxd8+ Rxd8 25. e4 Re8 26. e5 Bxe5 $1 $11) 24... Qd5 ({
Gut möglich war auch} 24... Qc4 25. Qxc4+ Rxc4 26. Kg2 Rc5 $11 (26... Be5 $2
27. Nxf5)) 25. Kg1 ({In kleiner Zeitnot haben wir die Fortsetzung} 25. e4 {
schlecht berechnet.} Qc4 $1 ({Ich hatte vor,} 25... Qb7 $6 {zu spielen,
übersah aber} 26. Nf3 $1) 26. exf5 gxf5 27. Rd3 Kh8 $1 $11 ({Wer diesen Zug im
voraus sehen kann ...! Falsch ist aber} 27... Bxd4 28. Rfxd4 Rxd4 29. Rxd4 Qxd4
30. Qe6+ Kg7 31. Qxc8 Qxb2 32. Qxf5 $16)) 25... Be5 26. Rf3 {Dieser Turm wird
weiterhin zum Sorgenkind, Schwarz hat keine Probleme.} a4 27. Kg2 Qc4 {(=)} ({
Nicht aber} 27... Rc4 $4 28. Nxf5 $18) (27... Qc4 28. Qxc4+ (28. Qe1 b5 $11)
28... Rxc4 $11) 1/2-1/2

[Event "SUI-chT"]
[Site "Switzerland"]
[Date "2002.04.21"]
[Round "3.1"]
[White "Pelletier, Yannick"]
[Black "Jussupow, Artur"]
[Result "1-0"]
[WhiteElo "2549"]
[BlackElo "2611"]
[Annotator "Pelletier,Y"]
[PlyCount "81"]
[EventDate "2002.03.03"]
[EventType "team-tourn"]
[EventRounds "9"]
[EventCountry "SUI"]
[SourceTitle "EXT 2003"]
[Source "ChessBase"]
[SourceDate "2002.11.25"]
[SourceVersion "1"]
[SourceVersionDate "2002.11.25"]
[SourceQuality "1"]
[WhiteTeam "Biel"]
[BlackTeam "Luzern"]
[WhiteTeamCountry "SUI"]
[BlackTeamCountry "SUI"]

1. Nf3 d5 2. d4 Nf6 3. c4 e6 4. Nc3 Nbd7 5. Bf4 {Einige Monate zuvor gewann
Etienne Bacrot eine Partie gegen Jussupow in der Bundesliga. Ich entschied, in
seine Fußstapfen zu treten.} dxc4 6. e3 Nb6 7. Bxc4 Nxc4 8. Qa4+ c6 ({In der
erwähnten Begegnung geschah} 8... Bd7) 9. Qxc4 Nd5 10. O-O (10. Bg3 Qb6 11. Qe2
Bb4 12. Rc1 {war auch möglich, aber mir gefällt eigentlich die Bauernstruktur
in der Partie.}) 10... Nxf4 11. exf4 {[%csl Rd4,Ge5][%cal Ge1e8] Weiss hat
zwar seine Struktur verschlechtert, aber dafür erhält er aktives Figurenspiel.
Dazu wird der weissfeldrige Läufer bald zum Sorgenkind des Nachziehenden.} Be7
(11... Bd6 12. Ne5 O-O 13. Rad1 Qe7 14. Ne4 Bc7 15. Rfe1 $14) 12. Rfe1 O-O 13.
Rad1 a5 ({Besser war} 13... Qb6 {mit der Idee Bd7, Rfd8 und Be8.}) 14. Ne5 (14.
Re3 $142 Qb6 $140 15. Qe2) 14... a4 (14... Qb6 $142) 15. a3 Qa5 16. Re3 Qa6 ({
Schwarz kann sich nicht gut befreien, auf} 16... c5 {kommt} 17. d5) ({, während
} 16... Rd8 {(/\c5) mit} 17. f5 {begegnet wird.}) 17. Qa2 b5 {Jussupow
versucht, am Damenflügel Gegenspiel zu erhalten, aber die zentrale Übermacht
des Anziehenden verhindert dies.} (17... c5 18. d5) 18. Ne4 {[%csl Gc5,Rc6,Ge5]
} b4 19. axb4 Bxb4 20. Qb1 $5 {Nach diesem Zug muss Schwarz den Wundepunkt h7
im Auge behalten.} f5 ({Nach} 20... Qb5 {provoziert Weiss ebenfalls eine
Schwächung mittels} 21. Ng5 {und kontrolliert nach} f5 22. Nd3 Bd6 23. Nxe6
Bxe6 24. Rxe6 Qd5 25. Re2 $16 {das Geschehen.}) (20... Be7 21. Qc2 Bb7 22. Rh3
h6 $140 23. Ng5 $1 $18) 21. Nc5 Qb5 ({Eine bessere Verteidigung stellte} 21...
Bxc5 22. dxc5 Rb8 {[%csl Rb2][%cal Gb8b2,Gd1d6] dar. Zwar trennt sich Schwarz
von seinem besseren Läufer, aber nach dem Abtausch auf c5 übt Weiss kaum mehr
Druck auf den Bauern c6 aus.}) 22. Qc1 $1 {Ein schwieriger Augenblick in
dieser Partie. Weiss muss sehr genau spielen, um seinen Vorteil zu behalten.
Die Alternativen} (22. Qa2 Bxc5 23. dxc5 Qxc5 24. Rc3 Qb4 25. Rc4 Qb3 $13 {und}
) (22. Ned3 Rd8 23. Nxb4 Qxb4 24. Red3 Rb8 $132 {[%csl Rb2,Rd4] erlauben
zuviel Gegenspiel.}) 22... Rd8 23. Ncd3 $1 Bd6 ({Auf d4 zu schlagen, erweist
sich als zu gefährlich, z.B:} 23... Rxd4 24. Nxb4 Rxd1+ 25. Qxd1 Qxb4 26. Rd3
Ba6 27. Rd8+ Rxd8 28. Qxd8+ Qf8 29. Qd7 Qc8 30. Qf7+ Kh8 31. h4 {[%csl Ge5,Rh8]
[%cal Yh4h5] und trotz des Minusbauern steht Weiss praktisch auf Gewinn. Sein
Angriff sollte in der Tat entscheiden.}) ({Etwas präziser war aber} 23... Bf8 {
, auch wenn die Bewertung der Stellung kaum geändert wird.} 24. Nc5 Rd5 25. Rc3
Rb8 26. Rd2 $16 Bxc5 $140 27. Rxc5 Rxc5 28. dxc5 Ba6 29. h4 $40) 24. Nc5 {
[%cal Rd6b4]} Be7 25. Rc3 Rd5 26. g3 Bd6 27. Nf3 h6 28. h4 Rb8 29. Rd2 {
Weiss hat einige Konsolidierungszüge ausgeführt, während Schwarz nichts
Besonderes machen konnte. Oft gerät in solchen Situationen der Verteidiger in
solche Not, dass er sich zu hoffnungslosen Taten gedrängt fühlt. So auch hier
opfert Jussupow einen Bauern.} Ba6 $6 (29... Kh7 30. Kg2 $16) 30. Nxa6 Qxa6 31.
Rxc6 Qb7 32. Qc4 {Schwarz hat mehr Luft als früher, aber es fehtl ihm einen
Bauern!} Kh7 $6 $138 ({Die Abwicklung ins Endspiel war ein geringeres Übel,
obwohl Weiss nach} 32... Qb3 33. Qxb3 Rxb3 34. Kg2 a3 35. bxa3 Rxa3 36. Rb2 {
problemlos gewinnen sollte.}) 33. Re2 (33. Qxa4 Ra5 34. Qxa5 Qxc6 $16) 33...
Qd7 34. Qxa4 Rdb5 35. Qa6 Bc7 36. Rexe6 Rxb2 37. Rxh6+ $1 {Die entscheidende
kleine Kombination in leichter beidseitiger Zeitnot.} gxh6 (37... Kg8 38. Qc4+)
38. Rxh6+ Kg8 39. Qg6+ Qg7 (39... Kf8 40. Rh8+ Ke7 41. Rh7+ Kd8 42. Rxd7+ Kxd7
43. Qxf5+ $18) 40. Qe6+ Qf7 (40... Kf8 41. Rf6+ Qxf6 42. Qxf6+ Ke8 43. h5 $18)
41. Rh8+ 1-0

[Event "SUI-chT"]
[Site "Switzerland"]
[Date "2009.10.18"]
[Round "9.2"]
[White "Pelletier, Yannick"]
[Black "Sokolov, Andrei"]
[Result "1/2-1/2"]
[WhiteElo "2584"]
[BlackElo "2570"]
[Annotator "Pelletier,Y"]
[PlyCount "110"]
[EventDate "2009.02.22"]
[EventType "team-tourn"]
[EventRounds "9"]
[EventCountry "SUI"]
[SourceTitle "CBM 136"]
[Source "ChessBase"]
[SourceDate "2010.05.18"]
[SourceVersion "1"]
[SourceVersionDate "2010.05.18"]
[SourceQuality "1"]
[WhiteTeam "Zuerich"]
[BlackTeam "Reichenstein"]
[WhiteTeamCountry "SUI"]
[BlackTeamCountry "SUI"]

1. d4 Nf6 2. c4 e6 3. Nf3 d5 4. Nc3 Be7 5. Bf4 O-O 6. a3 c5 7. dxc5 Bxc5 8. e3
Nc6 9. Qc2 Be7 10. Rd1 Qa5 11. Be2 dxc4 12. Bxc4 Nh5 ({Einige Monate zuvor an
der französischen Einzelmeisterschaft verlor Andrei Sokolov eine unterhaltsame
Partie gegen Tkachiev nach} 12... e5 13. Bg3 Bg4 14. O-O {Diesmal entscheidet
er sich für Carlsens Zug.}) 13. O-O Nxf4 14. exf4 g6 15. Bb5 ({Eine
interessante Neuerung gegenüber der Dortmunder Begegnung Kramnik-Carlsen, die
nach} 15. g3 {zum ungefähren Gleichgewicht geführt hatte. Indem er den Nc6
eliminiert, pocht Weiss auf die Passivität des gegnerischen Läuferpaars und
auf seinen Vorposten e5.}) 15... Qc7 16. Bxc6 bxc6 ({Die weiße Initiative nach
} 16... Qxc6 17. Ne5 {ist gefährlich, z.B.:} Qc7 (17... Qb6 18. Ne4) (17... Qc5
18. Rd2) 18. Rd2 {[%cal Gc3d5]} Bd6 19. Re1 $36) 17. Ne5 c5 (17... Bd6 18. Rfe1
) (17... f6 $2 18. Nxg6 $18) 18. Rd2 (18. Nb5 $6 Qb6 19. Nd6 Ba6 20. Nd7 $140
Qc6 21. Nxf8 $2 Bxf1 $19) 18... Rb8 19. Rfd1 Rb7 {Traurige Züge, aber Schwarz
kann seine Entwicklung nicht vollenden.} (19... Bf6 20. Rd6 Qb7 21. Ne4 (21.
R1d2 Qb3 22. Qe4) 21... Bxe5 22. fxe5 Qxb2 23. Nf6+ Kg7 24. Qe4 Rb6 25. R6d2
Qxa3 26. Qh4 h5 27. Nxh5+ $18) 20. Qa4 Bf6 (20... a6 {war vermutlich
vorzuziehen, um den folgenden Zug zu verhindern, und somit Bf6 zu planen. Aber
Weiß behält Vorteil mittels} 21. g3 Bf6 22. Qe4 {[%cal Gh2h4,Gh4h5]}) 21. Nb5
Qb8 (21... Qb6 22. Nd6) 22. Nc6 Qa8 23. Nd6 Rc7 (23... Rxb2 $6 24. Rxb2 Bxb2
25. Rb1 Bb7 26. Nxb7 Qxb7 27. Na5 $18) (23... Rb6 24. Ne5 $16) 24. Ne5 Bb7 25.
Qa5 $1 (25. Nd7 $2 {ist natürlich schlecht wegen} Rxd7 26. Qxd7 Bxg2 $40 {
, während}) (25. Nxb7 Bxe5 26. fxe5 Rxb7 {nur einen leichten Vorteil
verspricht.}) 25... Re7 $138 ({Kostet einen Bauern, aber} 25... Qb8 26. Nb5
Bxe5 27. fxe5 Re7 28. Nd6 $16 {war auch nicht schön.}) 26. Nxb7 Bxe5 27. fxe5
Rxb7 28. Qxc5 ({Nach} 28. Rd8 Rb8 29. Rxf8+ Rxf8 30. Qxc5 a5 31. h3 {ist die
Realisierung des Vorteils technisch nicht einfach.}) 28... Qb8 29. b4 {Hier
entschied ich mich für die Rückgabe des Bauern, und hoffte in gegnerischer
Zeitnot auf Angriffsmöglichkeiten.} ({Mittels} 29. Qd4 Rb5 30. f4 {konnte ich
zwar den Bauern retten. Prinzipiell rühre ich aber meinen f-Bauern in solchen
Stellungen nicht gern an.}) 29... Rb5 30. Qe7 Rxe5 31. g3 $2 (31. Rd8 {geht
natürlich nicht wegen} Qxd8 $1 $11) ({Der Textzug zeigt aber
Unentschlossenheit. Am besten hätte Weiß mit} 31. Rd7 Re2 (31... a5 32. bxa5
Qb5 33. h3 Qxa5 34. Rd8 Rxd8 35. Rxd8+ Kg7 36. Qf8+ Kf6 37. Rd7 $18) 32. Qf6
$16 {fortgesetzt.} (32. Rxa7 $2 Qe5 $11)) 31... Kg7 32. Rd7 (32. Rd8 Rxd8 33.
Rxd8 $2 Re1+ 34. Kg2 Qb5 $17) 32... a5 33. Rb7 Qc8 34. b5 Qc3 35. Rf1 $6 $138 (
35. Kg2 $2 Rf5) ({In Zeitnot konnte ich mich nicht von meinem Bauern a3
trennen, aber darin lag meine beste Chance:} 35. Qd6 $1 Re1+ 36. Kg2 Rxd1 37.
Qxd1 Qxa3 38. Qd4+ Kg8 39. Ra7 $36) 35... a4 $6 (35... Re1 $11) 36. Qd6 $6 (36.
b6 $14) 36... Qc5 $6 $138 (36... Rd5 $11) 37. Qxc5 (37. Rd1 $1 $14) 37... Rxc5
38. Re1 Kf6 39. Re4 Ra8 40. Rf4+ $2 $138 ({Ich zweifle daran, dass Weiß bei
bester gegnerischer Verteidigung hätte nach} 40. b6 {gewinnen können. Aber
viel größere Probleme wären damit gestellt worden.}) 40... Rf5 41. Rxf5+ gxf5
42. Kf1 Rc8 43. Ra7 Rc5 44. b6 Rb5 45. b7 Rb2 46. Ke1 (46. f4 Kg6 47. Ke1 f6
48. Kd1 e5 $11) 46... e5 47. Kd1 e4 48. Kc1 Rb3 49. Kd2 (49. h4 Kg6 50. Kd2 Kh5
51. Ke2 Kg4) 49... Kg5 50. Ke2 Kg4 51. Rxa4 Rxb7 52. Rb4 Ra7 53. f3+ Kh3 54.
fxe4 Kxh2 55. Kf2 Rxa3 1/2-1/2